Ոսկե մեդալ : (Record no. 88582)
[ view plain ]
| 000 -LEADER | |
|---|---|
| fixed length control field | 00726nam a2200193 u 4500 |
| 001 - CONTROL NUMBER | |
| control field | 000247848 |
| 003 - CONTROL NUMBER IDENTIFIER | |
| control field | AM-YeHGA |
| 005 - DATE AND TIME OF LATEST TRANSACTION | |
| control field | 20250618071650.0 |
| 008 - FIXED-LENGTH DATA ELEMENTS--GENERAL INFORMATION | |
| fixed length control field | 030717s1952 ai r 000 0 arm d |
| 040 ## - CATALOGING SOURCE | |
| Original cataloging agency | AM-YeHGA |
| 090 ## - LOCALLY ASSIGNED LC-TYPE CALL NUMBER (OCLC); LOCAL CALL NUMBER (RLIN) | |
| -- | 89868 |
| 100 1# - MAIN ENTRY--PERSONAL NAME | |
| Personal name | Ստեփանյան, Անժելա Մարտիրոսի, |
| Dates associated with a name | 1917-2002 |
| 9 (RLIN) | 1772 |
| 245 10 - TITLE STATEMENT | |
| Title | Ոսկե մեդալ : |
| Remainder of title | [Վեպ] / |
| Statement of responsibility, etc. | Ա. Ստեփանյան; Խմբ.՝ Աղավնի; Նկ.՝ Հ. Ժամագործյան. |
| 260 ## - PUBLICATION, DISTRIBUTION, ETC. | |
| Place of publication, distribution, etc. | Երևան : |
| Name of publisher, distributor, etc. | Հայպետհրատ, |
| Date of publication, distribution, etc. | 1952. |
| 300 ## - PHYSICAL DESCRIPTION | |
| Extent | 370 էջ : |
| Other physical details | նկ. ; |
| Dimensions | 21 սմ. |
| 650 14 - SUBJECT ADDED ENTRY--TOPICAL TERM | |
| Topical term or geographic name entry element | Հայ գրականություն |
| General subdivision | Վեպ |
| 700 0# - ADDED ENTRY--PERSONAL NAME | |
| Personal name | Աղավնի, |
| Dates associated with a name | 1911-1992 |
| Relator term | խմբ. |
| Relationship | edt |
| 9 (RLIN) | 82 |
| 700 1# - ADDED ENTRY--PERSONAL NAME | |
| Personal name | Ժամագործյան, Հ. |
| Relator term | նկ. |
| Relationship | art |
| Withdrawn status | Lost status | Damaged status | Not for loan | Collection | Home library | Current library | Date acquired | Total checkouts | Full call number | Barcode | Date last seen | Price effective from | Koha item type | Public note |
|---|---|---|---|---|---|---|---|---|---|---|---|---|---|---|
| General | Fundamental Scientific Library | Fundamental Scientific Library | 22/12/2016 | AII/6289 | FL0021773 | 22/12/2016 | 22/12/2016 | Գրքեր / Books | 30 Days Loan | |||||
| General | Fundamental Scientific Library | Fundamental Scientific Library | 22/12/2016 | AII/29821 | 220029821 | 22/12/2016 | 22/12/2016 | Գրքեր / Books | 30 Days Loan | |||||
| General | Fundamental Scientific Library | Fundamental Scientific Library | 22/12/2016 | AII/29822 | 220029822 | 22/12/2016 | 22/12/2016 | Գրքեր / Books | 30 Days Loan | |||||
| Kusikian Individual Collection | Fundamental Scientific Library | Fundamental Scientific Library | 02/04/2021 | Կուս/2680 | FL0638886 | 02/04/2021 | 02/04/2021 | Գրքեր / Books | ILL Non Circ |
ՀՀ Գիտությունների ազգային ակադեմիայի հիմնարար գիտական գրադարան = Fundamental Scientific Library of NAS RA
All site content, except where otherwise noted, is licensed under a